Применение нейронной сети и дискретного вейвлет-преобразования для анализа и классификации электрокардиограмм; Известия Томского политехнического университета [Известия ТПУ]; Т. 321, № 5 : Управление, вычислительная техника и информатика

Bibliographic Details
Parent link:Известия Томского политехнического университета [Известия ТПУ]/ Томский политехнический университет (ТПУ).— , 2000-
Т. 321, № 5 : Управление, вычислительная техника и информатика.— 2012.— [С. 57-61]
Main Author: Григорьев Д. С. Дмитрий Сергеевич
Other Authors: Спицын В. Г. Владимир Григорьевич
Summary:Заглавие с титульного листа
Электронная версия печатной публикации
Разработана и представлена система для анализа и классификации оцифрованных электрокардиограмм на основе применения вейвлет-преобразования и искусственной нейронной сети. Осуществлен выбор оптимальной конфигурации элементов системы. Проанализированы результаты численных экспериментов по распознаванию электрокардиограммы с аритмией и нормальным синусоидальным ритмом.
Language:Russian
Published: 2012
Series:Управление, вычислительная техника и информатика
Subjects:
Online Access:http://earchive.tpu.ru/bitstream/11683/4507/1/bulletin_tpu-2012-321-5-12.pdf
Format: Electronic Book Chapter
KOHA link:https://koha.lib.tpu.ru/cgi-bin/koha/opac-detail.pl?biblionumber=233335

MARC

LEADER 00000nla2a2200000 4500
001 233335
005 20240209094833.0
035 |a (RuTPU)RU\TPU\book\254412 
035 |a RU\TPU\book\254408 
090 |a 233335 
100 |a 20130301d2012 k y0rusy50 ca 
101 0 |a rus 
102 |a RU 
135 |a drnn ---uucaa 
181 0 |a i  
182 0 |a b 
200 1 |a Применение нейронной сети и дискретного вейвлет-преобразования для анализа и классификации электрокардиограмм  |f Д. С. Григорьев, В. Г. Спицын 
203 |a Текст  |c электронный 
215 |a 1 файл (317 Кб) 
225 1 |a Управление, вычислительная техника и информатика 
300 |a Заглавие с титульного листа 
300 |a Электронная версия печатной публикации 
320 |a [Библиогр.: с. 61 (6 назв.)] 
330 |a Разработана и представлена система для анализа и классификации оцифрованных электрокардиограмм на основе применения вейвлет-преобразования и искусственной нейронной сети. Осуществлен выбор оптимальной конфигурации элементов системы. Проанализированы результаты численных экспериментов по распознаванию электрокардиограммы с аритмией и нормальным синусоидальным ритмом. 
337 |a Adobe Reader 
461 1 |0 (RuTPU)RU\TPU\book\176237  |t Известия Томского политехнического университета [Известия ТПУ]  |f Томский политехнический университет (ТПУ)  |d 2000- 
463 1 |0 (RuTPU)RU\TPU\book\254124  |x 1684-8519  |t Т. 321, № 5 : Управление, вычислительная техника и информатика  |v [С. 57-61]  |d 2012  |p 261 с. 
610 1 |a оцифровка 
610 1 |a электрокардиограммы 
610 1 |a вейвлет-преобразования 
610 1 |a аритмия 
610 1 |a искусственные нейронные сети 
610 1 |a вейвлеты Добеши 
610 1 |a труды учёных ТПУ 
610 1 |a электронный ресурс 
700 1 |a Григорьев  |b Д. С.  |c специалист в области информатики и вычислительной техники  |c ассистент Томского политехнического университета  |f 1991-  |g Дмитрий Сергеевич  |3 (RuTPU)RU\TPU\pers\46946 
701 1 |a Спицын  |b В. Г.  |c специалист в области информатики и вычислительной техники  |c профессор Томского политехнического университета, доктор технических наук  |f 1948-  |g Владимир Григорьевич  |3 (RuTPU)RU\TPU\pers\22707  |9 9740 
801 1 |a RU  |b 63413507  |c 20090623  |g PSBO 
801 2 |a RU  |b 63413507  |c 20220124  |g PSBO 
856 4 |u http://earchive.tpu.ru/bitstream/11683/4507/1/bulletin_tpu-2012-321-5-12.pdf 
942 |c CF